Contabilidad: información y control en las empresas
Bewaard in:
| Hoofdauteur: | |
|---|---|
| Formaat: | Boek |
| Taal: | Spaans |
| Gepubliceerd in: |
Santiago
Thomson Reuters
2016
|
| Editie: | 7a. ed |
| Reeks: | Checkpoint
|
| Onderwerpen: | |
| Tags: |
Voeg label toe
Geen labels, Wees de eerste die dit record labelt!
|
MARC
| LEADER | 00000cam a2200000 a 4500 | ||
|---|---|---|---|
| 001 | UCD6366 | ||
| 003 | CL-VaPUC | ||
| 008 | 161201e20160000cl |||||||||||||||||spa|d | ||
| 020 | |a 9789563468120 | ||
| 082 | 0 | 4 | |a 657 |b TOR |2 21 |
| 100 | |a Torres Salazar, Gabriel |e autor |9 602032 | ||
| 245 | 1 | 0 | |a Contabilidad: información y control en las empresas |
| 250 | |a 7a. ed | ||
| 300 | |a 436 p | ||
| 942 | |c BK | ||
| 945 | |d 20161201 17:35:00 |a arojas | ||
| 260 | |a Santiago |b Thomson Reuters |c 2016 | ||
| 650 | 0 | |a Contabilidad |9 261430 | |
| 650 | 7 | |a ESTADOS FINANCIEROS |2 CL-VaPUC |9 590175 | |
| 650 | 0 | |a Teneduría de libros |9 307201 | |
| 650 | 0 | |a Sistemas contables |9 386031 | |
| 650 | 0 | |a Corrección monetaria |9 371636 | |
| 583 | |a last modification |c 20181206 04:11:55 |k Rodrigo Vera | ||
| 490 | 0 | |a Checkpoint | |
| 999 | |c 366719 |d 366717 | ||
| 952 | |0 0 |1 0 |3 erb |4 0 |6 657_000000000000000_TOR_2016 |7 0 |8 A |9 481200 |a BIBGIM |b BIBGIM |i 5352835 |o 657 TOR 2016 |p 5352835 |r 2025-01-15 |w 2019-11-24 |y BK |z Catalogado en:20161201 |k COM | ||
| 952 | |0 0 |1 0 |3 erb |4 0 |6 657_000000000000000_TOR_2016 |7 0 |8 A |9 481201 |a BIBGIM |b BIBGIM |i 5352843 |o 657 TOR 2016 |p 5352843 |r 2019-11-24 |w 2019-11-24 |y BK |z Catalogado en:20161201 |k COM | ||
| 952 | |0 0 |1 0 |3 erb |4 0 |6 657_000000000000000_TOR_2016 |7 0 |8 A |9 481202 |a BIBGIM |b BIBGIM |i 5352851 |o 657 TOR 2016 |p 5352851 |r 2025-01-15 |w 2019-11-24 |y BK |z Catalogado en:20161201 |k COM | ||
| 952 | |0 0 |1 0 |3 erb |4 0 |6 657_000000000000000_TOR_2016 |7 0 |8 A |9 481203 |a BIBGIM |b BIBGIM |i 535286K |o 657 TOR 2016 |p 535286K |r 2025-01-15 |w 2019-11-24 |y BK |z Catalogado en:20161201 |k COM | ||
| 952 | |0 0 |1 0 |3 erb |4 0 |6 657_000000000000000_TOR_2016 |7 0 |8 A |9 481204 |a BIBGIM |b BIBGIM |i 5352878 |o 657 TOR 2016 |p 5352878 |r 2025-01-15 |w 2019-11-24 |y BK |z Catalogado en:20161201 |k COM | ||
| 952 | |0 0 |1 0 |3 erb |4 0 |6 657_000000000000000_TOR_2016 |7 0 |8 A |9 481205 |a BIBGIM |b BIBGIM |i 5352886 |o 657 TOR 2016 |p 5352886 |r 2025-01-15 |w 2019-11-24 |y BK |z Catalogado en:20161201 |k COM | ||
| 952 | |0 0 |1 0 |3 erb |4 0 |6 657_000000000000000_TOR_2016 |7 0 |8 A |9 481206 |a BIBGIM |b BIBGIM |i 5352894 |o 657 TOR 2016 |p 5352894 |r 2025-01-15 |w 2019-11-24 |y BK |z Catalogado en:20161201 |k COM | ||
| 952 | |0 0 |1 0 |3 erb |4 0 |6 657_000000000000000_TOR_2016 |7 0 |8 A |9 481207 |a BIBGIM |b BIBGIM |i 5352908 |o 657 TOR 2016 |p 5352908 |r 2025-01-15 |w 2019-11-24 |y BK |z Catalogado en:20161201 |k COM | ||
| 952 | |0 0 |1 0 |3 erb |4 0 |6 657_000000000000000_TOR_2016 |7 0 |8 A |9 481208 |a BIBGIM |b BIBGIM |i 5352916 |o 657 TOR 2016 |p 5352916 |r 2025-01-15 |w 2019-11-24 |y BK |z Catalogado en:20161201 |k COM | ||
| 952 | |0 0 |1 0 |3 erb |4 0 |6 657_000000000000000_TOR_2016 |7 0 |8 A |9 481209 |a BIBGIM |b BIBGIM |i 5352924 |l 1 |o 657 TOR 2016 |p 5352924 |r 2025-01-15 |s 2023-06-23 |w 2019-11-24 |y BK |z Catalogado en:20161201 |k COM | ||
| 952 | |0 0 |1 0 |3 erb |4 0 |6 657_000000000000000_TOR_2016 |7 0 |8 A |9 481210 |a BIBGIM |b BIBGIM |i 552265K |l 2 |m 2 |o 657 TOR 2016 |p 552265K |r 2025-01-15 |s 2023-04-05 |w 2019-11-24 |y BK |z Catalogado en:20181207 |k COM | ||